[Event "General Pico Anconetani Memorial 5th"]
[Site "General Pico"]
[Date "2022.08.26"]
[Round "2"]
[White "Ruiz, Pablo Horacio"]
[Black "Arambire, Roberto"]
[Result "0-1"]
[WhiteElo "1577"]
[BlackElo "1328"]
[PlyCount "104"]
[EventDate "2022.08.26"]
[EventType "swiss"]
[EventRounds "7"]
[EventCountry "ARG"]
[SourceTitle "EXT 2023"]
[Source "ChessBase"]
[SourceDate "2022.10.05"]
[SourceVersion "1"]
[SourceVersionDate "2022.10.05"]
[SourceQuality "1"]

1. e4 c6 2. d4 d5 3. Nc3 dxe4 4. Nxe4 Bf5 5. Ng3 Bg6 6. Nf3 e6 7. Ne5 Ne7 8. Nxg6 Nxg6 9. c3 Bd6 10. Ne4 Bc7 11. Be3 0-0 12. Qd2 a5 13. Bd3 e5 14. 0-0-0 b5 15. h4 b4 16. h5 bxc3 17. bxc3 Nf4 18. Bb1 Nd5 19. Qc2 f5 20. Bg5 Qe8 21. Nc5 e4 22. a3 Kh8 23. g4 h6 24. Bd2 e3 25. fxe3 Nxe3 26. Bxe3 Qxe3+ 27. Kb2 Na6 28. Nxa6 Rxa6 29. gxf5 Rb6+ 30. Ka1 Rf6 31. Rde1 Qf3 32. Ref1 Qe3 33. Ba2 Rb8 34. Be6 a4 35. Rb1 Rff8 36. Rbe1 Qg5 37. Reg1 Qe7 38. Ka2 Bd6 39. Qc1 Rb6 40. Rg2 Rfb8 41. c4 Rb3 42. c5 Bc7 43. Bxb3 axb3+ 44. Kb2 Qe4 45. Qd2 Bf4 46. Qf2 Be3 47. Qe2 Bxd4+ 48. Kc1 b2+ 49. Kd2 b1N+ 50. Ke1 Bc3+ 51. Kf1 Nd2+ 52. Kf2 Qf4+ 0-1

[Event "La Pampa op"]
[Site "La Pampa"]
[Date "2022.03.05"]
[Round "4"]
[White "Rossi, Lautaro"]
[Black "Ruiz, Pablo Horacio"]
[Result "1-0"]
[WhiteElo "1782"]
[BlackElo "1603"]
[PlyCount "65"]
[EventDate "2022.03.04"]
[EventType "swiss"]
[EventRounds "7"]
[EventCountry "ARG"]
[SourceTitle "CBM 207 Extra"]
[Source "ChessBase"]
[SourceDate "2022.05.31"]
[SourceVersion "1"]
[SourceVersionDate "2022.05.31"]
[SourceQuality "1"]

1. e4 d5 2. exd5 Qxd5 3. Nc3 Qd6 4. Bc4 Nf6 5. d3 a6 6. Nge2 e6 7. Bf4 e5 8. Bg3 b5 9. Bb3 Bb7 10. f3 c5 11. a4 b4 12. Ne4 Nxe4 13. fxe4 Be7 14. 0-0 0-0 15. Rf5 Nc6 16. Qf1 Bf6 17. Kh1 Bc8 18. Rf2 Be6 19. Rxf6 gxf6 20. Qxf6 Qe7 21. Bxe5 Qxf6 22. Bxf6 Bxb3 23. cxb3 Na5 24. Rf1 Rfe8 25. Ng3 Re6 26. Rf3 Nxb3 27. e5 Nd4 28. Rf4 Kf8 29. Rh4 Kg8 30. Rg4+ Kf8 31. Rg7 Rae8 32. Ne4 Rxe5 33. Rxh7 1-0